[Event "EU-ch rapid"]
[Site "Warsaw"]
[Date "2010.12.18"]
[Round "1"]
[White "Stodolnik, Alicja"]
[Black "Nyzhnyk, Illya"]
[Result "0-1"]
[WhiteElo "1809"]
[BlackElo "2535"]
[PlyCount "57"]
[EventDate "2010.12.18"]
[EventType "swiss (rapid)"]
[EventRounds "13"]
[EventCountry "POL"]
[SourceTitle "CBM 139 Extra"]
[Source "ChessBase"]
[SourceDate "2011.01.05"]
[SourceVersion "1"]
[SourceVersionDate "2011.01.05"]
[SourceQuality "1"]

1. Nf3 Nf6 2. g3 b5 3. Bg2 Bb7 4. 0-0 e6 5. d4 Be7 6. Nbd2 0-0 7. Re1 d5 8. c3 Nbd7 9. Qc2 c5 10. Ne5 Rc8 11. Ndf3 cxd4 12. Nxd7 Qxd7 13. Nxd4 b4 14. Rb1 Ba6 15. Bf4 Bc4 16. Nb3 Qa4 17. Nd4 Qa5 18. e4 dxe4 19. Bxe4 Nxe4 20. Rxe4 Bd5 21. Re5 Bf6 22. Rxd5 Qxd5 23. Ne2 Rfd8 24. Rc1 Qxa2 25. Qe4 Qxb2 26. Rb1 Qa2 27. Rxb4 Qd5 28. Qb1 Qf3 29. Qe1 0-1

[Event "POL-chT (Women) 3rd"]
[Site "Wroclaw"]
[Date "2010.11.13"]
[Round "4"]
[White "Stodolnik, Alicja"]
[Black "Socko, Monika"]
[Result "0-1"]
[WhiteElo "1809"]
[BlackElo "2495"]
[PlyCount "74"]
[EventDate "2010.11.09"]
[EventType "team-tourn"]
[EventRounds "5"]
[EventCountry "POL"]
[SourceTitle "EXT 2019"]
[Source "ChessBase"]
[SourceDate "2018.10.10"]
[SourceVersion "1"]
[SourceVersionDate "2018.10.10"]
[SourceQuality "1"]
[WhiteTeam "Koszalin Hetman Politechnika (W)"]
[BlackTeam "Rybnik Preferow MKSz (W)"]
[WhiteTeamCountry "POL"]
[BlackTeamCountry "POL"]

1. Nf3 Nf6 2. g3 g6 3. Bg2 Bg7 4. 0-0 0-0 5. c4 d6 6. Nc3 Nc6 7. Rb1 a5 8. a3 Bf5 9. d3 Qd7 10. Re1 Bh3 11. Bh1 h6 12. b4 axb4 13. axb4 Ng4 14. Nd5 e5 15. Bb2 Rae8 16. Qc2 Ne7 17. Nxe7+ Rxe7 18. e4 g5 19. d4 f5 20. Re2 f4 21. Rd1 Ref7 22. Qb3 fxg3 23. hxg3 Qe6 24. dxe5 Nxe5 25. Bxe5 Bxe5 26. Nxe5 Qxe5 27. Rd5 Qa1+ 28. Rd1 Qf6 29. Rd3 Be6 30. e5 dxe5 31. Bxb7 c6 32. Bxc6 Bg4 33. Red2 Qxc6 34. Rd6 Qe4 35. c5 Kg7 36. Qb2 Qe1+ 37. Kh2 Rxf2+ 0-1

[Event "Kochan Memorial op-B 20th"]
[Site "Koszalin"]
[Date "2009.08.11"]
[Round "6"]
[White "Stodolnik, Alicja"]
[Black "Gulik, Pawel"]
[Result "0-1"]
[WhiteElo "1802"]
[BlackElo "1915"]
[PlyCount "76"]
[EventDate "2009.08.06"]
[EventType "swiss"]
[EventRounds "9"]
[EventCountry "POL"]
[SourceTitle "CBM 132 Extra"]
[Source "ChessBase"]
[SourceDate "2009.11.03"]
[SourceVersion "1"]
[SourceVersionDate "2009.11.03"]
[SourceQuality "1"]

1. Nf3 Nf6 2. g3 g6 3. Bg2 Bg7 4. 0-0 0-0 5. c4 c5 6. Nc3 Nc6 7. a3 d5 8. cxd5 Nxd5 9. Nxd5 Qxd5 10. d3 Qd8 11. Rb1 a5 12. b3 Nd4 13. Bb2 Qb6 14. e3 Nxf3+ 15. Bxf3 Rd8 16. Bxg7 Kxg7 17. Qe2 e5 18. Rfd1 Be6 19. Qb2 f6 20. Rd2 Rd7 21. b4 cxb4 22. axb4 a4 23. Qa3 Bc4 24. d4 exd4 25. exd4 Qd6 26. Rc1 Qa6 27. Rdc2 Bb5 28. Rc7 Qd6 29. Rxb7 Rxb7 30. Bxb7 Ra7 31. Bf3 Qxd4 32. Rc5 Qd3 33. Qxd3 Bxd3 34. Rc3 a3 35. Bd5 Bb1 36. Rc1 a2 37. Bxa2 Bxa2 38. Ra1 Ra4 0-1

[Event "Lazy op-B 5th"]
[Site "Lazy"]
[Date "2009.06.22"]
[Round "2.12"]
[White "Stodolnik, Alicja"]
[Black "Palka, Dominika"]
[Result "1-0"]
[WhiteElo "1846"]
[BlackElo "1586"]
[PlyCount "75"]
[EventDate "2009.06.21"]
[EventType "swiss"]
[EventRounds "9"]
[EventCountry "POL"]
[SourceTitle "CBM 131 Extra"]
[Source "ChessBase"]
[SourceDate "2009.09.03"]
[SourceVersion "2"]
[SourceVersionDate "2009.09.16"]
[SourceQuality "1"]

1. Nf3 Nf6 2. g3 g6 3. Bg2 Bg7 4. c4 0-0 5. Nc3 d6 6. 0-0 e5 7. d4 Nc6 8. e3 Bg4 9. h3 Bxf3 10. Bxf3 Nd7 11. Ne2 f5 12. Bd5+ Kh8 13. Rb1 Nb6 14. Bxc6 bxc6 15. c5 dxc5 16. dxc5 Nd7 17. b4 a5 18. b5 Nxc5 19. Ba3 Ne4 20. Bxf8 Bxf8 21. Qc2 Qd2 22. Qxc6 Rb8 23. Qc4 Nd6 24. Qxc7 Rc8 25. Qd7 Qxe2 26. b6 Rb8 27. Qc7 Rb7 28. Qd8 Kg7 29. Rbc1 Qxa2 30. Rc7+ Kg8 31. Rfc1 Rxb6 32. Qd7 Qf7 33. Qa4 Qd5 34. R7c5 Qd2 35. R5c2 Qb4 36. Qd7 Rb7 37. Rc7 Qb3 38. Qxh7# 1-0

[Event "POL-ch U16 Girls"]
[Site "Chotowa"]
[Date "2009.04.05"]
[Round "11"]
[White "Stodolnik, Alicja"]
[Black "Chmielewska, Joanna"]
[Result "0-1"]
[WhiteElo "1846"]
[BlackElo "1671"]
[PlyCount "90"]
[EventDate "2009.03.28"]
[EventType "swiss"]
[EventRounds "11"]
[EventCountry "POL"]
[SourceTitle "EXT 2018"]
[Source "ChessBase"]
[SourceDate "2017.10.13"]
[SourceVersion "1"]
[SourceVersionDate "2017.10.13"]
[SourceQuality "1"]

1. c4 c6 2. g3 d5 3. cxd5 cxd5 4. d4 Nf6 5. Bg2 Bf5 6. Nf3 Nc6 7. 0-0 e6 8. a3 h6 9. Nc3 Be7 10. Qa4 0-0 11. Re1 Qb6 12. h3 Bh7 13. e3 Na5 14. b4 Nc4 15. Ne5 Rac8 16. Nxc4 Rxc4 17. Bd2 Rfc8 18. Rec1 Bg6 19. Bf1 R4c7 20. b5 Ne8 21. Na2 Rxc1 22. Rxc1 Rxc1 23. Nxc1 Nf6 24. Ba5 Qd6 25. Bb4 Qc7 26. Nd3 Bxb4 27. Qxb4 Qc2 28. Nf4 Ne4 29. Be2 Nc3 30. Bf3 Be4 31. Bxe4 Nxe4 32. Qe1 Qa2 33. f3 Ng5 34. Qe2 Qxe2 35. Nxe2 Nxf3+ 36. Kf2 Nd2 37. g4 Kf8 38. Nc3 Ke7 39. a4 Ne4+ 40. Nxe4 dxe4 41. Kg3 g5 42. Kf2 Kd6 43. Ke2 Kd5 44. Kd2 Kc4 45. Kc2 Kb4 0-1

[Event "POL-ch U16 Girls"]
[Site "Chotowa"]
[Date "2009.03.30"]
[Round "4"]
[White "Jablonska, Sabina"]
[Black "Stodolnik, Alicja"]
[Result "1-0"]
[WhiteElo "1773"]
[BlackElo "1846"]
[PlyCount "37"]
[EventDate "2009.03.28"]
[EventType "swiss"]
[EventRounds "11"]
[EventCountry "POL"]
[SourceTitle "EXT 2011"]
[Source "ChessBase"]
[SourceDate "2010.11.26"]
[SourceVersion "1"]
[SourceVersionDate "2010.11.26"]
[SourceQuality "1"]

1. e4 c5 2. Nf3 e6 3. d4 cxd4 4. Nxd4 Nf6 5. Nc3 d6 6. Bc4 Nc6 7. Be3 Bd7 8. 0-0 Nxd4 9. Bxd4 Bc6 10. Bd3 Be7 11. Kh1 0-0 12. f4 Qd7 13. Qe2 b6 14. Rae1 Rad8 15. Rf3 Qb7 16. Rh3 g6 17. Qf2 d5 18. Qh4 Nh5 19. Qxh5 1-0

[Event "POL-ch U16 Girls"]
[Site "Chotowa"]
[Date "2009.03.28"]
[Round "1"]
[White "Stodolnik, Alicja"]
[Black "Laszewicz, Magdalena"]
[Result "1-0"]
[WhiteElo "1846"]
[BlackElo "1628"]
[PlyCount "93"]
[EventDate "2009.03.28"]
[EventType "swiss"]
[EventRounds "11"]
[EventCountry "POL"]
[SourceTitle "EXT 2011"]
[Source "ChessBase"]
[SourceDate "2010.11.26"]
[SourceVersion "1"]
[SourceVersionDate "2010.11.26"]
[SourceQuality "1"]

1. Nf3 c5 2. c4 b6 3. g3 Bb7 4. Bg2 Nc6 5. 0-0 Nf6 6. Nc3 e6 7. d4 d6 8. e4 cxd4 9. Nxd4 Nxd4 10. Qxd4 Be7 11. Rd1 0-0 12. b3 Bc6 13. Ba3 e5 14. Qd3 Ne8 15. Rac1 Qc7 16. Nd5 Bxd5 17. cxd5 Qb7 18. Rc6 Rc8 19. Rdc1 Nf6 20. Bh3 Rxc6 21. Rxc6 Rd8 22. Qc2 Ne8 23. Bc8 Qb8 24. Ba6 g6 25. f4 f6 26. Bb4 Bf8 27. Bc8 Ng7 28. Rc7 Nh5 29. fxe5 fxe5 30. Be6+ Kh8 31. Bd2 Ng7 32. Bg5 Nxe6 33. dxe6 Re8 34. Bf6+ Kg8 35. e7 Bg7 36. Bxg7 Kxg7 37. Qc6 Kf7 38. Qd5+ Kg7 39. Qxd6 Kh6 40. Qxe5 b5 41. Kg2 Qb6 42. Rd7 a5 43. Qf4+ Kg7 44. Rd6 Qc5 45. Qf6+ Kg8 46. Rd8 Qc2+ 47. Kh3 1-0

[Event "Polanica Zdroj op-B 44th"]
[Site "Polanica Zdroj"]
[Date "2008.08.28"]
[Round "10"]
[White "Gorol, Magdalena"]
[Black "Stodolnik, Alicja"]
[Result "0-1"]
[WhiteElo "1786"]
[BlackElo "1805"]
[PlyCount "100"]
[EventDate "2008.08.19"]
[EventType "swiss"]
[EventRounds "10"]
[EventCountry "POL"]
[SourceTitle "EXT 2009"]
[Source "ChessBase"]
[SourceDate "2008.11.26"]
[SourceVersion "1"]
[SourceVersionDate "2008.11.26"]
[SourceQuality "1"]

1. e4 c5 2. c3 e6 3. d4 cxd4 4. cxd4 d5 5. e5 Bb4+ 6. Nc3 Nc6 7. Nf3 Nge7 8. a3 Ba5 9. b4 Bb6 10. Bg5 h6 11. Bf4 Nf5 12. Ne2 Bd7 13. h3 a6 14. g4 Nfe7 15. Bg2 Rc8 16. 0-0 f5 17. exf6 gxf6 18. Ng3 Ng6 19. Be3 Kf7 20. Qd2 Qf8 21. h4 Bc7 22. h5 Nge7 23. Nh4 Qg7 24. Bh3 Rcg8 25. f4 f5 26. Rf2 Ke8 27. Re1 fxg4 28. Bf1 Qf6 29. Ng2 Nf5 30. Nxf5 Qxf5 31. Ree2 g3 32. Rf3 Qxh5 33. Ne1 Rg7 34. Rg2 Rhg8 35. f5 exf5 36. Bf4 Bxf4 37. Qxf4 Qg4 38. Qxh6 Qxd4+ 39. Re3+ Kd8 40. Nc2 Qb6 41. Bd3 Rg6 42. Qh4+ Kc8 43. Kf1 Rg4 44. Qh6 Qc7 45. Qf6 Qf4+ 46. Ke2 d4 47. Re6 Bxe6 48. Qxe6+ Kb8 49. Bxf5 R4g5 50. Qd5 Re8+ 0-1

[Event "Polanica Zdroj op-B 44th"]
[Site "Polanica Zdroj"]
[Date "2008.08.26"]
[Round "8"]
[White "Wielosz, Jaroslaw"]
[Black "Stodolnik, Alicja"]
[Result "1/2-1/2"]
[WhiteElo "1975"]
[BlackElo "1805"]
[PlyCount "39"]
[EventDate "2008.08.19"]
[EventType "swiss"]
[EventRounds "10"]
[EventCountry "POL"]
[SourceTitle "CBM 126 Extra"]
[Source "ChessBase"]
[SourceDate "2008.11.05"]
[SourceVersion "1"]
[SourceVersionDate "2008.11.05"]
[SourceQuality "1"]

1. d4 d5 2. c4 e6 3. Nc3 Nf6 4. cxd5 exd5 5. Bg5 c6 6. e3 Bf5 7. Qf3 Bg6 8. Bxf6 Qxf6 9. Qxf6 gxf6 10. h4 h5 11. Be2 Nd7 12. Nf3 Bd6 13. Nd2 f5 14. g3 Nf6 15. Nb3 b6 16. 0-0 Kd7 17. Bf3 Rhg8 18. Rfc1 f4 19. exf4 Bxf4 20. Re1 1/2-1/2

[Event "Polanica Zdroj op-B 44th"]
[Site "Polanica Zdroj"]
[Date "2008.08.24"]
[Round "6"]
[White "Wisniewski, Adam"]
[Black "Stodolnik, Alicja"]
[Result "1/2-1/2"]
[WhiteElo "2090"]
[BlackElo "1805"]
[PlyCount "42"]
[EventDate "2008.08.19"]
[EventType "swiss"]
[EventRounds "10"]
[EventCountry "POL"]
[SourceTitle "CBM 126 Extra"]
[Source "ChessBase"]
[SourceDate "2008.11.05"]
[SourceVersion "1"]
[SourceVersionDate "2008.11.05"]
[SourceQuality "1"]

1. e4 d5 2. exd5 Qxd5 3. d4 Nc6 4. Nf3 Bg4 5. Be2 0-0-0 6. c4 Qd7 7. d5 Bxf3 8. Bxf3 Ne5 9. Be2 Kb8 10. 0-0 Nf6 11. Be3 Neg4 12. Bf4 Rg8 13. Nc3 g5 14. Bg3 h5 15. Nb5 Rc8 16. Qd4 b6 17. a4 e5 18. dxe6 Qxe6 19. Bf3 Bc5 20. Qc3 h4 21. Rae1 Qf5 1/2-1/2

[Event "Polanica Zdroj op-B 44th"]
[Site "Polanica Zdroj"]
[Date "2008.08.19"]
[Round "1"]
[White "Stodolnik, Alicja"]
[Black "Radzicki, Wieslaw"]
[Result "1-0"]
[WhiteElo "1805"]
[BlackElo "1975"]
[PlyCount "53"]
[EventDate "2008.08.19"]
[EventType "swiss"]
[EventRounds "10"]
[EventCountry "POL"]
[SourceTitle "CBM 126 Extra"]
[Source "ChessBase"]
[SourceDate "2008.11.05"]
[SourceVersion "1"]
[SourceVersionDate "2008.11.05"]
[SourceQuality "1"]

1. c4 c5 2. g3 g6 3. Bg2 Bg7 4. Nc3 e6 5. e3 Ne7 6. Nf3 0-0 7. d4 d6 8. 0-0 Nbc6 9. a3 a6 10. Rb1 Qb6 11. Ne2 a5 12. b3 d5 13. Bb2 a4 14. cxd5 exd5 15. dxc5 Qxc5 16. Bxg7 Kxg7 17. b4 Qc4 18. b5 Na5 19. Rb4 Qa2 20. Qd4+ f6 21. Nc3 Qxa3 22. Rxa4 Qd6 23. Ne4 Qc7 24. Nc5 b6 25. Nd3 Nb3 26. Qb4 Rxa4 27. Qxa4 1-0

[Event "POL-chT U19 39th"]
[Site "Gorzow Wielkopolski"]
[Date "2008.07.08"]
[Round "4.24"]
[White "Leks, Maria"]
[Black "Stodolnik, Alicja"]
[Result "1-0"]
[WhiteElo "1861"]
[BlackElo "1805"]
[PlyCount "36"]
[EventDate "2008.07.05"]
[EventType "team-tourn"]
[EventRounds "9"]
[EventCountry "POL"]
[SourceTitle "EXT 2019"]
[Source "ChessBase"]
[SourceDate "2018.10.10"]
[SourceVersion "1"]
[SourceVersionDate "2018.10.10"]
[SourceQuality "1"]
[WhiteTeam "Rybnik MKSz U19"]
[BlackTeam "Koszalin Hetman Politechnika U19"]
[WhiteTeamCountry "POL"]
[BlackTeamCountry "POL"]

1. e4 c5 2. Nf3 Nc6 3. d4 cxd4 4. Nxd4 Qb6 5. Nxc6 bxc6 6. Nc3 e6 7. Bd3 Be7 8. Na4 Qa5+ 9. c3 Ba6 10. b4 Bxb4 11. cxb4 Qxb4+ 12. Bd2 Qd4 13. Bxa6 Qxe4+ 14. Kf1 Nf6 15. Nc5 Qh4 16. Be3 Nd5 17. Qd4 Qxd4 18. Bxd4 f6 1-0

[Event "POL-chT U19 39th"]
[Site "Gorzow Wielkopolski"]
[Date "2008.07.05"]
[Round "1.6"]
[White "Iwanow, Anna"]
[Black "Stodolnik, Alicja"]
[Result "1-0"]
[WhiteElo "1979"]
[BlackElo "1805"]
[PlyCount "49"]
[EventDate "2008.07.05"]
[EventType "team-tourn"]
[EventRounds "9"]
[EventCountry "POL"]
[SourceTitle "EXT 2019"]
[Source "ChessBase"]
[SourceDate "2018.10.10"]
[SourceVersion "1"]
[SourceVersionDate "2018.10.10"]
[SourceQuality "1"]
[WhiteTeam "Wroclaw KS Polonia U19"]
[BlackTeam "Koszalin Hetman Politechnika U19"]
[WhiteTeamCountry "POL"]
[BlackTeamCountry "POL"]

1. e4 c5 2. Nf3 e6 3. d4 cxd4 4. Nxd4 d6 5. Nc3 Nc6 6. Be3 Nf6 7. f4 Be7 8. Qf3 a6 9. 0-0-0 Qc7 10. Rg1 Bd7 11. g4 Nxd4 12. Bxd4 e5 13. Be3 exf4 14. Qxf4 Be6 15. Bd4 0-0 16. Bd3 Qa5 17. Kb1 Nd7 18. Qd2 Qc7 19. Nd5 Bxd5 20. exd5 Rac8 21. Rg3 Ne5 22. Bxe5 dxe5 23. Bf5 Rcd8 24. Rh3 g6 25. Qh6 1-0

[Event "POL 14th Olympiade U14 Girls"]
[Site "Szczawno Zdroj"]
[Date "2008.05.04"]
[Round "10"]
[White "Stodolnik, Alicja"]
[Black "Iwanow, Anna"]
[Result "0-1"]
[WhiteElo "1806"]
[BlackElo "1964"]
[PlyCount "74"]
[EventDate "2008.04.27"]
[EventType "swiss"]
[EventRounds "10"]
[EventCountry "POL"]
[SourceTitle "EXT 2009"]
[Source "ChessBase"]
[SourceDate "2008.11.26"]
[SourceVersion "1"]
[SourceVersionDate "2008.11.26"]
[SourceQuality "1"]

1. e4 e5 2. Nf3 Nc6 3. Bc4 Nf6 4. Ng5 d5 5. exd5 Na5 6. Bb5+ c6 7. dxc6 bxc6 8. Be2 h6 9. Nf3 e4 10. Ne5 Bd6 11. d4 exd3 12. Nxd3 Qc7 13. b3 0-0 14. Bb2 Ne4 15. Nd2 Bf5 16. Nxe4 Bxe4 17. Qd2 Rad8 18. Qc3 f6 19. 0-0-0 c5 20. f3 Bg6 21. Rhe1 Rc8 22. g3 c4 23. bxc4 Nxc4 24. f4 Kh7 25. Bg4 Nxb2 26. Qxc7 Nxd3+ 27. Rxd3 Bxc7 28. f5 Bf7 29. Re7 Be8 30. Rb3 Rf7 31. Re2 Be5 32. a3 Rfc7 33. Rf3 Rc4 34. Bh3 Ba4 35. Rff2 Rc3 36. Bg2 Rxa3 37. Be4 Bc3 0-1

[Event "POL 14th Olympiade U14 Girls"]
[Site "Szczawno Zdroj"]
[Date "2008.04.30"]
[Round "6"]
[White "Stodolnik, Alicja"]
[Black "Dubrawska, Greta"]
[Result "1-0"]
[WhiteElo "1806"]
[BlackElo "1572"]
[PlyCount "103"]
[EventDate "2008.04.27"]
[EventType "swiss"]
[EventRounds "10"]
[EventCountry "POL"]
[SourceTitle "EXT 2009"]
[Source "ChessBase"]
[SourceDate "2008.11.26"]
[SourceVersion "1"]
[SourceVersionDate "2008.11.26"]
[SourceQuality "1"]

1. c4 Nf6 2. Nf3 e6 3. g3 d5 4. Bg2 Be7 5. 0-0 0-0 6. b3 Nbd7 7. Nc3 Nb6 8. d3 Bd7 9. Qc2 a5 10. Ne5 a4 11. Be3 axb3 12. axb3 Rxa1 13. Rxa1 c6 14. Qa2 Qc7 15. d4 Ra8 16. Qb2 Rxa1+ 17. Qxa1 dxc4 18. bxc4 Ne8 19. Qa2 Bf6 20. f4 g6 21. Bf2 Ng7 22. Qa5 Bd8 23. c5 Nd5 24. Qxc7 Bxc7 25. Nxd5 Bxe5 26. Ne7+ Kf8 27. Nxg6+ fxg6 28. fxe5 Ne8 29. e4 Nc7 30. Bf1 Ke7 31. Kg2 Be8 32. g4 Bf7 33. Kg3 Kf8 34. Kf4 Kg7 35. Ke3 Kf8 36. Kf4 Kg7 37. Bh4 Na6 38. Bf6+ Kf8 39. Bh4 Kg7 40. Ke3 Nb8 41. Kd3 Kf8 42. Kc4 Ke8 43. Bg2 Nd7 44. Bf6 Nxf6 45. exf6 Kd7 46. g5 Kc7 47. d5 Kd7 48. Bh3 Bg8 49. Bxe6+ Bxe6 50. dxe6+ Kxe6 51. h4 Kf7 52. Kb4 1-0

[Event "POL-ch U20 Girls"]
[Site "Sroda Wielkopolska"]
[Date "2008.02.01"]
[Round "9"]
[White "Stodolnik, Alicja"]
[Black "Majdan, Joanna"]
[Result "0-1"]
[WhiteElo "1833"]
[BlackElo "2293"]
[PlyCount "64"]
[EventDate "2008.01.26"]
[EventType "tourn"]
[EventRounds "11"]
[EventCountry "POL"]
[SourceTitle "CBM 122 Extra"]
[Source "ChessBase"]
[SourceDate "2008.03.04"]
[SourceVersion "1"]
[SourceVersionDate "2008.03.04"]
[SourceQuality "1"]

1. c4 g6 2. Nc3 Bg7 3. Nf3 d6 4. g3 e5 5. d3 Nc6 6. Bg2 Nf6 7. 0-0 0-0 8. a3 h6 9. Bd2 a5 10. Rb1 Be6 11. b4 axb4 12. axb4 Qd7 13. Qc2 Bh3 14. Rfc1 Bxg2 15. Kxg2 Rae8 16. e3 Nh5 17. b5 Nd8 18. d4 f5 19. dxe5 dxe5 20. Ne2 g5 21. Rd1 Qe6 22. Bb4 Rf7 23. b6 Nc6 24. Ba3 f4 25. e4 g4 26. Nh4 f3+ 27. Kg1 fxe2 28. Qxe2 Nd4 29. Qf1 cxb6 30. c5 Qa2 31. Bb4 Ne2+ 32. Kg2 Qc2 0-1

[Event "POL-ch U20 Girls"]
[Site "Sroda Wielkopolska"]
[Date "2008.01.28"]
[Round "4"]
[White "Zmarzly, Aleksandra"]
[Black "Stodolnik, Alicja"]
[Result "0-1"]
[WhiteElo "1831"]
[BlackElo "1833"]
[PlyCount "58"]
[EventDate "2008.01.26"]
[EventType "tourn"]
[EventRounds "11"]
[EventCountry "POL"]
[SourceTitle "CBM 122 Extra"]
[Source "ChessBase"]
[SourceDate "2008.03.04"]
[SourceVersion "1"]
[SourceVersionDate "2008.03.04"]
[SourceQuality "1"]

1. e4 e5 2. Nf3 Nc6 3. Bc4 Bc5 4. c3 Nf6 5. d3 a6 6. Bb3 Ba7 7. Nbd2 0-0 8. 0-0 d6 9. h3 h6 10. Nc4 Be6 11. Ne3 Qd7 12. Nh2 Ne7 13. Qf3 Rad8 14. Neg4 Nxg4 15. Nxg4 Kh7 16. Qg3 f5 17. Bxe6 Qxe6 18. Nh2 Rf7 19. Kh1 Rdf8 20. f3 fxe4 21. dxe4 d5 22. exd5 Qxd5 23. Re1 Nf5 24. Qg4 Bf2 25. Nf1 Bxe1 26. Be3 Bh4 27. f4 exf4 28. Rd1 Qe6 29. Bc5 Rd8 0-1

[Event "POL-ch U20 Girls"]
[Site "Sroda Wielkopolska"]
[Date "2008.01.26"]
[Round "1"]
[White "Stodolnik, Alicja"]
[Black "Demidowicz, Maria"]
[Result "0-1"]
[WhiteElo "1833"]
[BlackElo "2039"]
[PlyCount "92"]
[EventDate "2008.01.26"]
[EventType "tourn"]
[EventRounds "11"]
[EventCountry "POL"]
[SourceTitle "CBM 122 Extra"]
[Source "ChessBase"]
[SourceDate "2008.03.04"]
[SourceVersion "1"]
[SourceVersionDate "2008.03.04"]
[SourceQuality "1"]

1. e4 c5 2. Nf3 d6 3. Bb5+ Nd7 4. 0-0 a6 5. Bxd7+ Bxd7 6. d4 cxd4 7. Qxd4 e5 8. Qd3 Be7 9. Nc3 Rc8 10. Be3 Nf6 11. h3 0-0 12. Rad1 b5 13. Ne2 Qc7 14. Rc1 Be6 15. Nd2 Bc4 16. Nxc4 bxc4 17. Qd1 Nxe4 18. f3 Bg5 19. Bxg5 Qc5+ 20. Kh2 Nxg5 21. Qd2 Ne6 22. c3 d5 23. Rce1 d4 24. cxd4 exd4 25. f4 Rfd8 26. f5 Nf8 27. Ng3 c3 28. bxc3 dxc3 29. Qg5 f6 30. Qg4 Rd4 31. Ne4 Qe5+ 32. Kh1 c2 33. Nxf6+ Qxf6 34. Qe2 Rdc4 35. Rc1 Nd7 36. Rf2 Qe5 37. Qd3 Qc5 38. Re2 Ne5 39. Qg3 Nf7 40. Rf2 Qd6 41. Qb3 Rc3 42. Qb7 Qc6 43. Qe7 Rxh3+ 44. Kg1 Qh6 45. gxh3 Qxc1+ 46. Rf1 Qxf1+ 0-1

[Event "EU-ch U14 Girls 17th"]
[Site "Sibenik"]
[Date "2007.09.21"]
[Round "8"]
[White "Stodolnik, Alicja"]
[Black "Brunello, Marina"]
[Result "0-1"]
[WhiteElo "1789"]
[BlackElo "1947"]
[PlyCount "132"]
[EventDate "2007.09.14"]
[EventType "swiss"]
[EventRounds "9"]
[EventCountry "CRO"]
[SourceTitle "CBM 120 Extra"]
[Source "ChessBase"]
[SourceDate "2007.11.01"]
[SourceVersion "1"]
[SourceVersionDate "2007.11.01"]
[SourceQuality "1"]

1. c4 e6 2. Nf3 Nf6 3. g3 d5 4. b3 Be7 5. Bb2 c5 6. cxd5 exd5 7. d4 Ne4 8. Bg2 Bf6 9. 0-0 Nc6 10. e3 Bg4 11. Na3 cxd4 12. exd4 0-0 13. Nc2 Qa5 14. Qd3 Bxf3 15. Bxf3 Nd2 16. Rfe1 Nxf3+ 17. Qxf3 Rad8 18. a3 Qb6 19. Rad1 h6 20. Rd3 Rd7 21. Qf5 Rfd8 22. h4 Na5 23. Rde3 g6 24. Qf3 Kg7 25. R1e2 Nc6 26. Qf4 Qc7 27. Qf3 Ne7 28. Rc3 Qb6 29. Rc5 Qd6 30. Ne3 b6 31. Rc1 Nc6 32. Rd2 Na5 33. Rd3 Re8 34. Qg4 Kh7 35. h5 Re4 36. hxg6+ fxg6 37. Qd1 Rde7 38. Rc2 Bg5 39. Bc1 Bxe3 40. Bxe3 Qxa3 41. Qd2 Qd6 42. Rdc3 g5 43. Qd3 Kg7 44. Rc8 Re8 45. R8c7+ R8e7 46. Rc8 Re8 47. R8c7+ R4e7 48. R7c3 Rf8 49. Qe2 Rff7 50. Qg4 Kh7 51. Qh5 Qg6 52. Qd1 Qd6 53. Qh5 Kg7 54. Qg4 Qe6 55. Qh5 Qf5 56. Rc8 Nxb3 57. g4 Qg6 58. Qh1 Qe4 59. Qh5 Nxd4 60. Rh8 Nf3+ 61. Kf1 Kxh8 62. Qxh6+ Kg8 63. Rc6 Rh7 64. Rg6+ Reg7 65. Rxg7+ Rxg7 66. Qd6 d4 0-1

[Event "EU-ch U14 Girls 17th"]
[Site "Sibenik"]
[Date "2007.09.16"]
[Round "3"]
[White "Purgar, Ivona"]
[Black "Stodolnik, Alicja"]
[Result "0-1"]
[WhiteElo "1944"]
[BlackElo "1789"]
[PlyCount "80"]
[EventDate "2007.09.14"]
[EventType "swiss"]
[EventRounds "9"]
[EventCountry "CRO"]
[SourceTitle "CBM 120 Extra"]
[Source "ChessBase"]
[SourceDate "2007.11.01"]
[SourceVersion "1"]
[SourceVersionDate "2007.11.01"]
[SourceQuality "1"]

1. e4 c5 2. Nf3 e6 3. d4 cxd4 4. Nxd4 Nf6 5. Nc3 d6 6. Be2 Nc6 7. 0-0 Bd7 8. Nb3 a6 9. a4 Be7 10. Be3 Na5 11. f4 Nxb3 12. cxb3 Bc6 13. Bf3 Qa5 14. Qd4 e5 15. Qc4 exf4 16. b4 Qg5 17. b5 Bd7 18. e5 dxe5 19. Bxb7 axb5 20. Nxb5 0-0 21. Bxa8 Rxa8 22. Bb6 e4 23. Bc7 Bh3 24. Qc2 f3 25. g3 Bxf1 26. Rxf1 Qc5+ 27. Qxc5 Bxc5+ 28. Kh1 Rxa4 29. Bd6 Bxd6 30. Nxd6 Rb4 31. Rc1 g6 32. Nc4 Nd5 33. Kg1 e3 34. Rc2 Rb3 35. Ne5 f2+ 36. Kf1 f5 37. h4 Kg7 38. Nc6 f4 39. gxf4 Nxf4 40. Nd4 Rd3 0-1

[Event "POL-chT U20 Girls"]
[Site "Szklarska Poreba"]
[Date "2007.07.09"]
[Round "10"]
[White "Tomaszewska, Luiza"]
[Black "Stodolnik, Alicja"]
[Result "1-0"]
[WhiteElo "1779"]
[BlackElo "1772"]
[PlyCount "69"]
[EventDate "2007.07.02"]
[EventType "team-tourn"]
[EventRounds "11"]
[EventCountry "POL"]
[SourceTitle "EXT 2010"]
[Source "ChessBase"]
[SourceDate "2010.11.25"]
[SourceVersion "1"]
[SourceVersionDate "2010.11.25"]
[SourceQuality "1"]

1. e4 c5 2. Nf3 e6 3. d4 cxd4 4. Nxd4 Nf6 5. Nc3 Nc6 6. Nxc6 bxc6 7. e5 Nd5 8. Ne4 Qc7 9. f4 Be7 10. c4 Bb4+ 11. Ke2 Ba6 12. Kf3 f6 13. cxd5 cxd5 14. Nxf6+ gxf6 15. Bxa6 fxe5 16. g3 0-0 17. Kg2 Rf6 18. Rf1 e4 19. Be3 Raf8 20. a3 Bd6 21. Rc1 Qb8 22. Qe2 e5 23. fxe5 Rxf1 24. Rxf1 Rxf1 25. Kxf1 Qf8+ 26. Kg2 Bxe5 27. b4 Kh8 28. Bxa7 Qa8 29. Qe3 d6 30. b5 Kg7 31. Bd4 Bxd4 32. Qxd4+ Kg6 33. g4 Kg5 34. Kg3 h5 35. Qg7# 1-0